Guía de prevención de violencia convivencia positiva. Para niños y niñas de edad escolar /

Detalles Bibliográficos
Autores principales: Crespo Loor, Dayana (Autor), Urigüen Cordero, Camila (Autor)
Formato: Electrónico eBook
Lenguaje:español
Publicado: Cuenca, Ecuador : Universidad del Azuay, Casa Editora, [2021]
Colección:Homo (Universidad del Azuay, Casa Editora)
Materias:
Acceso en línea:Digitalia Hispánica

MARC

LEADER 00000nam a2200000 i 4500
001 DIGUAZUAY0123
003 NyNyDIG
007 cr |||||||||||
008 251211s2021 ec a ob 000 0 spa d
006 m o d
035 |a (OCoLC)1438851784 
040 |a DGITA  |b eng  |e rda  |e pn  |c DGITA 
020 |a 9789942822970  |q eBook 
050 1 4 |a LB3013.3 ebook 
100 1 |a Crespo Loor, Dayana,  |e author. 
245 1 0 |a Guía de prevención de violencia convivencia positiva.  |p Para niños y niñas de edad escolar /  |c Dayana Crespo Loor, Camila Urigüen Cordero. 
246 3 0 |a Para niños y niñas de edad escolar 
264 1 |a Cuenca, Ecuador :  |b Universidad del Azuay, Casa Editora,  |c [2021] 
300 |a 1 online resource :  |b color illustrations. 
336 |a text  |b txt  |2 rdacontent 
337 |a computer  |b c  |2 rdamedia 
338 |a online resource  |b cr  |2 rdacarrier 
347 |a text file  |2 rdaft 
347 |b PDF 
490 1 |a Homo 
504 |a Includes bibliographical references. 
588 0 |a Online resource; title from PDF title page (Digitalia, viewed December 11, 2025) 
650 0 |a School violence  |x Prevention. 
650 0 |a Bullying in schools  |x Prevention. 
650 0 |a Elementary school environment. 
700 1 |a Urigüen Cordero, Camila,  |e author. 
791 2 |a Digitalia (Firm),  |e distributor. 
793 0 |g Digitalia eBook Collection:  |a Universidad del Azuay 
776 0 8 |i Print version:  |a Crespo Loor, Dayana.  |t Guía de prevención de violencia convivencia positiva. Para niños y niñas de edad escolar.  |d Cuenca, Ecuador : Universidad del Azuay, Casa Editora, [2021]  |z 9789942822970 
830 0 |a Homo (Universidad del Azuay, Casa Editora) 
856 4 0 |3 Digitalia Hispánica  |u https://www.digitaliapublishing.com/a/133507/ 
910 |a Premium collection: 2025